| 000 | 02598nam a22003257a 4500 | ||
|---|---|---|---|
| 005 | 20120705122055.0 | ||
| 010 | _aB-463685-695 | ||
| 020 |
_a8173870829 _c500.00 |
||
| 035 | _aB-463685 | ||
| 037 |
_adpl _bR.B.C./Ven |
||
| 082 | _a704.947 | ||
| 100 |
_aJearth, Ashok _949968 |
||
| 245 |
_aDogra Legends Of Art And Culture/ _cBy Ashok Jerath |
||
| 260 |
_aNew Delhi _bIndus Publisher _c1998 |
||
| 270 |
_aFS-5, Tagore Garden _bNew Delhi |
||
| 300 |
_a261p. _bIndex, ill _c22cm |
||
| 942 |
_2ddc _cEN _h704.947 _mJER |
||
| 999 |
_c68327 _d68327 |
||